Schnelle Mathematik - Multiplikation zur Basis 5 Level 05 - Statistiken

Allgemein
  • Dieses Quiz wurde 51 mal gespielt
  • Das Durchschnittsergebnis liegt bei 13 aus 20
Antwortstatistiken
Frage Antwort % Korrekt
1⋅11 11
100%
10⋅11 110
100%
11⋅3 33
100%
4⋅11 44
100%
11⋅4 44
100%
0⋅3 0
91%
0⋅10 0
91%
3⋅0 0
91%
10⋅0 0
91%
1⋅12 12
91%
2⋅11 22
90%
0⋅12 0
89%
10⋅10 100
89%
1⋅2 2
89%
11⋅0 0
86%
1⋅10 10
86%
12⋅11 132
86%
0⋅1 0
85%
1⋅1 1
84%
11⋅10 110
84%
12⋅1 12
83%
0⋅11 0
82%
1⋅4 4
80%
4⋅10 40
80%
3⋅10 30
79%
10⋅3 30
79%
1⋅0 0
77%
2⋅0 0
77%
12⋅12 144
77%
10⋅1 10
76%
0⋅4 0
75%
2⋅1 2
75%
11⋅2 22
75%
2⋅12 24
75%
4⋅1 4
75%
0⋅2 0
73%
10⋅2 20
73%
2⋅2 4
71%
11⋅1 11
70%
3⋅1 3
70%
12⋅0 0
69%
0⋅0 0
67%
12⋅2 24
67%
12⋅10 120
64%
11⋅12 132
64%
2⋅10 20
64%
3⋅11 33
64%
10⋅4 40
64%
11⋅11 121
60%
4⋅0 0
57%
1⋅3 3
57%
10⋅12 120
56%
2⋅4 13
43%
2⋅3 11
31%
4⋅2 13
25%
3⋅3 14
25%
4⋅3 22
21%
3⋅2 11
20%
12⋅4 103
11%
3⋅4 22
11%
3⋅12 41
11%
12⋅3 41
9%
4⋅12 103
8%
4⋅4 31
0%
Keine übereinstimmenden Quizze gefunden
Verteilung der Resultate
Anzahl Personen mit jedem Resultat
Perzentil nach korrekt beantworteten Fragen
Ihre Resultats-Entwicklung
Sie haben dieses Quiz noch nicht gespielt